00554nam a2200133Ia 4500008004100000040001800041041000800059100002800067245006200095260011800157300001800275502010300293650002400396130821s1976 ck gr spa  aCo-BoUCMbspa00aspa1 aSuárez Cavalier, Luis10aIntroducción al delito políticocLuis Suarez Cavelier aBogotá (Colombia)bPontificia Universidad Javeriana. Facultad de Ciencias Jurídicas y Socioeconómicasc1976 a192 páginas aTesis (Abogado). -- Universidad Javeriana. Facultad de Ciencias Juridicas y Socioeconomicas, 1976.04aDelitos políticos